| 000 | 00542nam a2200181Ia 4500 | ||
|---|---|---|---|
| 005 | 20230520095046.0 | ||
| 008 | 131103s9999 xx 000 0 und d | ||
| 040 | _aLoreto College | ||
| 041 | _aEnglish | ||
| 082 |
_a823.91 _bWOO-VOG |
||
| 245 |
_aTwentieth century interpretations of to the lighthouse _b a collection of critical essays _cedited by Thomas A. Vogler |
||
| 260 |
_aLondon _brentice - Hall _c1970 |
||
| 300 | _avii,114p. | ||
| 650 | _aEnglish fiction | ||
| 700 | _aVogler, Thomas A.; ed. | ||
| 850 | _aLCLIB | ||
| 942 | _cBK | ||
| 999 |
_c22740 _d73219 |
||